[Event "12th Arad Open 2019"]
[Site "Arad"]
[Date "2019.07.31"]
[Round "9.6"]
[White "Bonte, Andrei-Mihai"]
[Black "Jianu, Vlad-Cristian"]
[Result "0-1"]
[WhiteElo "2337"]
[BlackElo "2523"]
[Annotator "ChessBase"]
[PlyCount "60"]
[EventDate "2019.07.24"]
[EventType "swiss"]
[EventCountry "ROU"]
[SourceTitle "playchess.com"]
[Source "ChessBase"]
[SourceQuality "1"]
[TimeControl "40/5400+30:900+30"]

1. d4 {[%emt 0:00:00]} Nf6 {[%emt 0:00:00]} 2. c4 {[%emt 0:00:54]} e6 {[%emt 0:00:00]} 3. Nc3 {[%emt 0:02:48]} Bb4 {[%emt 0:00:07]} 4. e3 {[%emt 0:00:07]} O-O {[%emt 0:00:12]} 5. Nge2 {[%emt 0:00:06]} c6 {[%emt 0:00:30]} 6. g3 {[%emt 0:11:56]} d5 {[%emt 0:01:49]} 7. Qb3 {[%emt 0:00:32]} Qe7 {[%emt 0:09:40]} 8. Bg2 {[%emt 0:01:57]} Nbd7 {[%emt 0:06:09]} 9. cxd5 {[%emt 0:03:04]} exd5 {[%emt 0:00:22]} 10. O-O {[%emt 0:00:23]} Nb6 {[%emt 0:03:15]} 11. Qc2 {[%emt 0:02:48]} Re8 {[%emt 0:07:07]} 12. f3 {[%emt 0:08:15]} c5 {[%emt 0:13:22]} 13. Nd1 {[%emt 0:10:26]} cxd4 {[%emt 0:04:11]} 14. Nxd4 {[%emt 0:00:06]} Bd7 {[%emt 0:01:17]} 15. b3 {[%emt 0:01:42]} a5 {[%emt 0:20:44]} 16. a4 {[%emt 0:06:36]} Rac8 {[%emt 0:02:36]} 17. Qd3 {[%emt 0:07:53]} Be6 {[%emt 0:02:30]} 18. Bb2 {[%emt 0:04:03]} Nbd7 {[%emt 0:00:31]} 19. Rf2 {[%emt 0:06:55]} Nc5 {[%emt 0:03:23]} 20. Qf1 {[%emt 0:01:21]} Nfd7 {[%emt 0:06:00]} 21. Rc2 {[%emt 0:05:56]} Ne5 {[%emt 0:03:54]} 22. Nxe6 {[%emt 0:06:00]} Qxe6 {[%emt 0:00:13]} 23. f4 {[%emt 0:04:11]} Ng4 {[%emt 0:03:52]} 24. f5 {[%emt 0:00:07]} Qh6 {[%emt 0:01:07]} 25. Bxd5 {[%emt 0:02:55]} Nxb3 {[%emt 0:00:34]} 26. Re2 {[%emt 0:00:48]} Nxa1 {[%emt 0:00:29]} 27. Bxa1 {[%emt 0:00:20]} Nxe3 {[%emt 0:01:05]} 28. Nxe3 {[%emt 0:00:08]} Rxe3 {[%emt 0:00:12]} 29. Bd4 {[%emt 0:02:37]} Rxe2 {[%emt 0:01:50]} 30. Qxe2 {[%emt 0:00:04]} Qc1+ {[%emt 0:00:26]} 0-1

[Event "12th Arad Open 2019"]
[Site "Arad"]
[Date "2019.07.31"]
[Round "9.7"]
[White "Costachi, Mihnea"]
[Black "Barrish, Daniel"]
[Result "1-0"]
[WhiteElo "2471"]
[BlackElo "2237"]
[Annotator "TA"]
[PlyCount "83"]
[EventDate "2019.07.24"]
[EventType "swiss"]
[EventCountry "ROU"]
[SourceTitle "playchess.com"]
[Source "ChessBase"]
[SourceQuality "1"]

{[%evp 12,83,20,20,22,16,35,20,29,2,11,12,12,8,8,5,6,6,16,-4,47,1,17,16,58,58,69,77,95,95,133,123,156,146,154,158,162,161,165,156,165,159,151,141,134,133,133,133,133,133,131,132,195,190,197,192,322,335,332,321,314,306,382,373,398,399,435,424,633,610,738,672,774,762]} 1. d4 Nf6 2. c4 e6 3. Nf3 d5 4. Nc3 Bb4 5. cxd5 exd5 6. Bg5 h6 7. Bh4 O-O {D38: Queen's Gambit Declined: Ragozin Defence (4 Nf3 Bb4)} 8. e3 Bf5 9. Qb3 Bxc3+ {The position is equal.} 10. Qxc3 c6 11. Nd2 Nbd7 12. Be2 Ne4 13. Bxd8 Nxc3 14. bxc3 {[#] Bh4 is the strong threat.} Raxd8 $146 ({Predecessor:} 14... Rfxd8 15. f3 {0-1 (70) Le,Q (2739)-Vidit,S (2702) Tbilisi 2017}) 15. c4 b6 (15... c5 $11) 16. O-O Be6 17. cxd5 cxd5 18. Rfc1 Nb8 19. Rc7 $36 {[%mdl 2048] White is really pushing.} Rd7 20. Rac1 a5 21. Bb5 Rxc7 22. Rxc7 Bc8 23. a3 Rd8 24. Nb1 Bd7 25. Nc3 Bxb5 26. Nxb5 $16 {[%mdl 4096] Endgame KRN-KRN} Nd7 27. Na7 {Hoping for Nc6.} Nf6 28. Rb7 Rd6 29. Nc8 Re6 30. Rxb6 Kf8 31. Kf1 Ne4 (31... Rxb6 $16 32. Nxb6 Ke7) 32. Ke1 Ke8 33. f3 Nf6 {[#]} (33... Rxb6 $142 34. Nxb6 Nf6) 34. Rxe6+ $1 $18 fxe6 {[#] KN-KN} 35. Nd6+ $1 Kd7 36. Nb7 Kc6 37. Nxa5+ Kb5 38. Nb7 Ne8 39. Kd2 {White is clearly winning.} Ka4 (39... h5 $142 40. Kc3 Nc7) 40. Nc5+ Kxa3 41. Nxe6 Kb3 42. Kd3 {Accuracy: White = 88%, Black = 48%.} 1-0

[Event "12th Arad Open 2019"]
[Site "Arad"]
[Date "2019.07.31"]
[Round "9.8"]
[White "Florescu, Codrut-Constantin"]
[Black "Macovei, Andrei"]
[Result "0-1"]
[WhiteElo "2312"]
[BlackElo "2424"]
[Annotator "TA"]
[PlyCount "42"]
[EventDate "2019.07.24"]
[EventType "swiss"]
[EventCountry "ROU"]
[SourceTitle "playchess.com"]
[Source "ChessBase"]
[SourceQuality "1"]

{[%evp 14,82,0,-16,0,-16,3,-22,0,-23,-18,-34,-30,-31,-29,-33,-10,-10,-9,-30,-19,-32,-35,-33,-29,-43,-38,-50,-45,-55,-55,-55,-48,-55,-48,-48,-39,-43,-42,-75,-72,-84,-81,-87,-73,-153,-121,-324,-330,-340,-334,-375,-364,-373,-165,-156,-152,-175,-145,-119,-95,-350,-114,-429,-429,-615,-412,-579,-452,-898,-471]} 1. d4 Nf6 2. Nf3 d5 3. g3 c5 4. c3 e6 5. Bg2 Nc6 6. O-O Be7 7. dxc5 Bxc5 8. b4 Be7 {D02: 1 d4 d5 2 Nf3 sidelines, including 2...Nf6 3 g3 and 2...Nf6 3 Bf4} 9. Nbd2 O-O 10. Bb2 a6 {The position is equal.} 11. a3 $146 ({Predecessor:} 11. Qc2 Qc7 12. Rac1 b5 13. e4 Bb7 14. exd5 Nxd5 15. a3 a5 16. Qb1 {½-½ (64) Gaponenko,I (2375)-Ekdyshman,M (2269) St Petersburg 2000}) 11... b5 $1 12. a4 Bb7 13. axb5 axb5 14. Rxa8 Bxa8 15. e3 Ne8 16. Qe2 Nd6 17. Nd4 Qb6 18. Ra1 Bb7 19. h3 Rc8 20. Kh2 Ne5 21. Ra5 Ndc4 {Played: Ne5-c4} 0-1

[Event "12th Arad Open 2019"]
[Site "Arad"]
[Date "2019.07.31"]
[Round "9.9"]
[White "Secheres, Adrian-Simion"]
[Black "Ciorgovean, Iustin"]
[Result "1-0"]
[WhiteElo "2394"]
[BlackElo "2330"]
[Annotator "NA"]
[PlyCount "97"]
[EventDate "2019.07.24"]
[EventType "swiss"]
[EventCountry "ROU"]
[SourceTitle "playchess.com"]
[Source "ChessBase"]
[SourceQuality "1"]
[TimeControl "40/5400+30:900+30"]

1. e4 {[%emt 0:04:30]} c5 {[%emt 0:00:00]} 2. Nf3 {[%emt 0:00:17]} d6 {[%emt 0:00:00]} 3. Bb5+ {[%emt 0:00:18]} Bd7 {[%emt 0:00:00]} 4. Bxd7+ {[%emt 0:00:08]} Qxd7 {[%emt 0:00:00]} 5. c4 {[%emt 0:00:08]} Nc6 {[%emt 0:01:02]} 6. Nc3 {[%emt 0:00:35]} g6 {[%emt 0:01:10]} 7. d4 {[%emt 0:00:16]} cxd4 {[%emt 0:00:04]} 8. Nxd4 {[%emt 0:00:07]} Bg7 {[%emt 0:00:16]} 9. Nde2 {[%emt 0:00:31]} Nf6 {[%emt 0:02:26]} 10. f3 {[%emt 0:00:50]} O-O {[%emt 0:02:19]} 11. Be3 {[%emt 0:04:04]} e6 {[%emt 0:18:28]} 12. Qd2 {[%emt 0:09:54]} Rad8 {[%emt 0:11:36]} 13. Rd1 {[%emt 0:04:09]} b6 {[%emt 0:05:42]} 14. O-O {[%emt 0:05:44]} Qb7 {[%emt 0:01:24]} 15. Bg5 {[%emt 0:06:04]} Rd7 {[%emt 0:04:45]} 16. b3 {[%emt 0:08:59]} a6 {[%emt 0:03:27]} 17. Qf4 {[%emt 0:08:20]} Ne8 {[%emt 0:00:29]} 18. Qe3 {[%emt 0:07:55]} b5 {[%emt 0:05:23]} 19. cxb5 {[%emt 0:01:18]} axb5 {[%emt 0:00:13]} 20. Rd2 {[%emt 0:00:18]} Bf6 {[%emt 0:11:21]} 21. Bxf6 {[%emt 0:05:16]} Nxf6 {[%emt 0:00:05]} 22. Qg5 {[%emt 0:01:02]} Kg7 {[%emt 0:00:18]} 23. Qxb5 {[%emt 0:00:54]} Qxb5 {[%emt 0:01:10]} 24. Nxb5 {[%emt 0:00:07]} d5 {[%emt 0:00:10]} 25. Rc1 {[%emt 0:04:41]} Ne5 {[%emt 0:01:42]} 26. exd5 {[%emt 0:02:03]} Nxd5 {[%emt 0:00:19]} 27. Rd4 {[%emt 0:03:54]} Rb7 {[%emt 0:03:32]} 28. a4 {[%emt 0:02:31]} g5 {[%emt 0:01:50]} 29. h3 {[%emt 0:05:43]} h5 {[%emt 0:00:53]} 30. Ng3 {[%emt 0:03:21]} Nf4 {[%emt 0:02:39]} 31. Re1 {[%emt 0:01:28]} Nxh3+ {[%emt 0:01:59]} 32. Kh2 {[%emt 0:01:05]} Nc6 {[%emt 0:03:51]} 33. Rd6 {[%emt 0:00:55]} Na5 {[%emt 0:02:19]} 34. gxh3 {[%emt 0:01:02]} Nxb3 {[%emt 0:00:14]} 35. Ne4 {[%emt 0:01:25]} Rc8 {[%emt 0:01:37]} 36. Rg1 {[%emt 0:02:28]} Rc2+ {[%emt 0:01:29]} 37. Rg2 {[%emt 0:00:18]} Rc4 {[%emt 0:01:25]} 38. Nxg5 {[%emt 0:01:28]} Kf8 {[%emt 0:00:24]} 39. Ra6 {[%emt 0:02:33]} Rd7 {[%emt 0:04:51]} 40. Nd6 {[%emt 0:00:00]} Rf4 {[%emt 0:00:00]} 41. Rb2 {[%emt 0:11:35]} Nc5 {[%emt 0:04:56]} 42. Rc6 {[%emt 0:01:59]} Nxa4 {[%emt 0:01:42]} 43. Rb8+ {[%emt 0:01:12]} Kg7 {[%emt 0:00:29]} 44. Nge4 {[%emt 0:01:47]} Rxf3 {[%emt 0:02:49]} 45. Rc2 {[%emt 0:00:41]} f6 {[%emt 0:01:39]} 46. Rg2+ {[%emt 0:00:17]} Kh7 {[%emt 0:01:23]} 47. Rf8 {[%emt 0:01:34]} Nc3 {[%emt 0:05:29]} 48. Nxc3 {[%emt 0:00:14]} Rg7 {[%emt 0:02:47]} 49. Nce4 {[%emt 0:01:14]} 1-0

[Event "12th Arad Open 2019"]
[Site "Arad"]
[Date "2019.07.31"]
[Round "9.10"]
[White "Talu, Mircea"]
[Black "Banzea, Alexandru-Bogdan"]
[Result "0-1"]
[WhiteElo "2278"]
[BlackElo "2405"]
[Annotator "NA"]
[PlyCount "132"]
[EventDate "2019.07.24"]
[EventType "swiss"]
[EventCountry "ROU"]
[SourceTitle "playchess.com"]
[Source "ChessBase"]
[SourceQuality "1"]
[TimeControl "40/5400+30:900+30"]

1. d4 {[%emt 0:03:19]} Nf6 {[%emt 0:00:00]} 2. c4 {[%emt 0:00:05]} g6 {[%emt 0:00:00]} 3. g3 {[%emt 0:00:06]} Bg7 {[%emt 0:00:00]} 4. Bg2 {[%emt 0:00:06]} O-O {[%emt 0:00:00]} 5. Nc3 {[%emt 0:00:06]} d6 {[%emt 0:00:00]} 6. Nf3 {[%emt 0:00:05]} c6 {[%emt 0:00:00]} 7. O-O {[%emt 0:00:06]} Na6 {[%emt 0:00:02]} 8. h3 {[%emt 0:08:30]} Qb6 {[%emt 0:01:57]} 9. e4 {[%emt 0:10:12]} e5 {[%emt 0:00:07]} 10. dxe5 {[%emt 0:01:41]} dxe5 {[%emt 0:00:07]} 11. Qe2 {[%emt 0:00:07]} Nc5 {[%emt 0:04:37]} 12. Be3 {[%emt 0:02:49]} Qa5 {[%emt 0:04:32]} 13. Nd2 {[%emt 0:10:29]} Ne6 {[%emt 0:05:10]} 14. Rfd1 {[%emt 0:01:25]} Nd7 {[%emt 0:04:48]} 15. Nb3 {[%emt 0:11:25]} Qb4 {[%emt 0:04:11]} 16. Bf1 {[%emt 0:09:37]} a5 {[%emt 0:02:12]} 17. Qc2 {[%emt 0:10:37]} a4 {[%emt 0:01:21]} 18. Nc1 {[%emt 0:00:08]} Nd4 {[%emt 0:00:53]} 19. Bxd4 {[%emt 0:00:24]} exd4 {[%emt 0:00:08]} 20. N3e2 {[%emt 0:00:03]} a3 {[%emt 0:04:51]} 21. b3 {[%emt 0:01:56]} Qe7 {[%emt 0:02:16]} 22. Rb1 {[%emt 0:02:29]} Nc5 {[%emt 0:07:41]} 23. Bg2 {[%emt 0:00:05]} f5 {[%emt 0:00:51]} 24. Nxd4 {[%emt 0:00:17]} fxe4 {[%emt 0:10:27]} 25. Nce2 {[%emt 0:09:36]} Nd3 {[%emt 0:03:33]} 26. Rxd3 {[%emt 0:06:10]} exd3 {[%emt 0:00:05]} 27. Qxd3 {[%emt 0:00:04]} Rd8 {[%emt 0:01:43]} 28. Rd1 {[%emt 0:00:08]} Bf5 {[%emt 0:00:42]} 29. Nxf5 {[%emt 0:01:06]} gxf5 {[%emt 0:00:05]} 30. Qc2 {[%emt 0:00:05]} Rxd1+ {[%emt 0:00:13]} 31. Qxd1 {[%emt 0:00:03]} Rd8 {[%emt 0:00:27]} 32. Qc2 {[%emt 0:00:11]} Qd7 {[%emt 0:00:27]} 33. Bf1 {[%emt 0:00:45]} Qd2 {[%emt 0:01:00]} 34. Qxf5 {[%emt 0:00:38]} Qxa2 {[%emt 0:01:12]} 35. Nf4 {[%emt 0:00:09]} Qa1 {[%emt 0:01:11]} 36. Qe6+ {[%emt 0:02:01]} Kh8 {[%emt 0:00:19]} 37. Qe7 {[%emt 0:00:55]} Qf6 {[%emt 0:00:31]} 38. Qxa3 {[%emt 0:00:08]} Qd6 {[%emt 0:01:32]} 39. Qxd6 {[%emt 0:05:04]} Rxd6 {[%emt 0:00:01]} 40. b4 {[%emt 0:00:00]} Rd2 {[%emt 0:00:00]} 41. b5 {[%emt 0:01:26]} c5 {[%emt 0:10:35]} 42. Kg2 {[%emt 0:06:40]} Bd4 {[%emt 0:01:28]} 43. Ne2 {[%emt 0:06:52]} b6 {[%emt 0:09:02]} 44. Nxd4 {[%emt 0:03:22]} cxd4 {[%emt 0:00:02]} 45. Kf3 {[%emt 0:00:12]} Rd1 {[%emt 0:00:33]} 46. Be2 {[%emt 0:00:02]} Re1 {[%emt 0:00:14]} 47. Bd3 {[%emt 0:00:02]} Kg7 {[%emt 0:00:17]} 48. Be4 {[%emt 0:00:50]} h6 {[%emt 0:00:11]} 49. Kf4 {[%emt 0:02:26]} Kf6 {[%emt 0:00:22]} 50. Bd3 {[%emt 0:02:59]} Ke6 {[%emt 0:00:58]} 51. g4 {[%emt 0:01:20]} Kd6 {[%emt 0:02:39]} 52. h4 {[%emt 0:00:56]} Rh1 {[%emt 0:00:16]} 53. h5 {[%emt 0:00:14]} Rh3 {[%emt 0:00:50]} 54. Bg6 {[%emt 0:00:29]} d3 {[%emt 0:02:48]} 55. g5 {[%emt 0:00:07]} d2 {[%emt 0:02:16]} 56. Bc2 {[%emt 0:00:04]} Rc3 {[%emt 0:02:09]} 57. Bd1 {[%emt 0:00:08]} hxg5+ {[%emt 0:00:19]} 58. Kxg5 {[%emt 0:00:31]} Rc1 {[%emt 0:00:04]} 59. Be2 {[%emt 0:00:26]} Re1 {[%emt 0:04:05]} 60. Bf3 {[%emt 0:00:09]} Ke5 {[%emt 0:02:12]} 61. h6 {[%emt 0:01:16]} Rg1+ {[%emt 0:00:40]} 62. Kh5 {[%emt 0:01:45]} Kf4 {[%emt 0:00:30]} 63. Be2 {[%emt 0:00:15]} Kf5 {[%emt 0:01:54]} 64. Bd3+ {[%emt 0:00:32]} Kf6 {[%emt 0:00:06]} 65. Be2 {[%emt 0:00:43]} d1=Q {[%emt 0:00:27]} 66. Bxd1 {[%emt 0:00:06]} Rxd1 {[%emt 0:00:03]} 0-1

[Event "12th Arad Open 2019"]
[Site "Arad"]
[Date "2019.07.31"]
[Round "9.11"]
[White "Pop, Alexandru"]
[Black "Song, Raymond"]
[Result "1-0"]
[WhiteElo "2276"]
[BlackElo "2456"]
[Annotator "ChessBase"]
[PlyCount "125"]
[EventDate "2019.07.24"]
[EventType "swiss"]
[EventCountry "ROU"]
[SourceTitle "playchess.com"]
[Source "ChessBase"]
[SourceQuality "1"]
[TimeControl "40/5400+30:900+30"]

1. c4 f5 2. Nf3 Nf6 3. Nc3 d6 4. d4 g6 5. e3 Bg7 6. Be2 O-O 7. O-O c6 8. b4 e5 9. Bb2 e4 10. Nd2 Na6 11. b5 Nc7 12. a4 Ne6 13. a5 c5 14. Nb3 Bd7 15. f3 Rc8 16. dxc5 dxc5 17. f4 h5 18. Qd2 Rf7 19. Rfd1 Qf8 20. Nd5 Ne8 21. h4 Nd8 22. Qc2 Be6 23. Bxg7 Qxg7 24. Nc3 Rd7 25. Na4 Qe7 26. Qb2 Rxd1+ 27. Rxd1 Qxh4 28. Naxc5 Bf7 29. Bf1 Nf6 30. Be2 Be8 31. Qe5 b6 32. Nb7 Nf7 33. Qe6 Bd7 34. Rxd7 Qe1+ 35. Kh2 Qh4+ 36. Kg1 Qe1+ 37. Bf1 Qxe3+ 38. Kh1 Nxd7 39. Nd6 Kg7 40. Qxf7+ Kh6 41. Qxd7 Qxf4 42. Nf7+ Kg7 43. Nd8+ Kh6 44. Qg7+ Kxg7 45. Ne6+ Kf6 46. Nxf4 Rd8 47. Nd5+ Ke5 48. Kg1 f4 49. Nxb6 Rd1 50. Nd5 Rb1 51. Nc5 g5 52. Nxe4 g4 53. Nef6 f3 54. gxf3 gxf3 55. Nxh5 Kd4 56. Nhf4 Rb2 57. Ne6+ Ke5 58. Ng5 f2+ 59. Kg2 Kd4 60. Ne6+ Ke5 61. Nd8 Kd6 62. a6 Kc5 63. Nc6 1-0

[Event "12th Arad Open 2019"]
[Site "Arad"]
[Date "2019.07.31"]
[Round "9.12"]
[White "Dicu, Razvan-Stefan"]
[Black "Petrisor, Adrian-Marian"]
[Result "1/2-1/2"]
[WhiteElo "2286"]
[BlackElo "2422"]
[Annotator "NA"]
[PlyCount "40"]
[EventDate "2019.07.24"]
[EventType "swiss"]
[EventCountry "ROU"]
[SourceTitle "playchess.com"]
[Source "ChessBase"]
[SourceQuality "1"]
[TimeControl "40/5400+30:900+30"]

1. e4 {[%emt 0:07:13]} e5 {[%emt 0:00:00]} 2. Nf3 {[%emt 0:00:07]} Nc6 {[%emt 0:00:00]} 3. Bb5 {[%emt 0:00:08]} Nf6 {[%emt 0:00:00]} 4. O-O {[%emt 0:00:23]} Nxe4 {[%emt 0:00:32]} 5. d4 {[%emt 0:00:30]} Nd6 {[%emt 0:00:07]} 6. Bxc6 {[%emt 0:01:14]} dxc6 {[%emt 0:00:06]} 7. dxe5 {[%emt 0:00:11]} Nf5 {[%emt 0:00:05]} 8. Qxd8+ {[%emt 0:00:07]} Kxd8 {[%emt 0:00:03]} 9. Nc3 {[%emt 0:00:18]} Ke8 {[%emt 0:02:34]} 10. Rd1 {[%emt 0:01:36]} Be7 {[%emt 0:00:54]} 11. Ne2 {[%emt 0:00:45]} Nh4 {[%emt 0:08:58]} 12. Nxh4 {[%emt 0:22:33]} Bxh4 {[%emt 0:01:52]} 13. Be3 {[%emt 0:00:10]} Be7 {[%emt 0:03:29]} 14. Rd2 {[%emt 0:04:31]} Be6 {[%emt 0:01:39]} 15. Nd4 {[%emt 0:01:23]} Bd7 {[%emt 0:03:41]} 16. Rad1 {[%emt 0:03:32]} Rd8 {[%emt 0:00:41]} 17. c4 {[%emt 0:06:02]} a6 {[%emt 0:06:53]} 18. Nb3 {[%emt 0:01:01]} Bc8 {[%emt 0:03:08]} 19. Rxd8+ {[%emt 0:07:15]} Bxd8 {[%emt 0:00:08]} 20. Na5 {[%emt 0:00:08]} Be7 {[%emt 0:09:00]} 1/2-1/2

[Event "12th Arad Open 2019"]
[Site "Arad"]
[Date "2019.07.31"]
[Round "9.13"]
[White "Zawadzka, Jolanta"]
[Black "Kelly, Ladislau-Endre"]
[Result "1-0"]
[WhiteElo "2422"]
[BlackElo "2182"]
[Annotator "NA"]
[PlyCount "69"]
[EventDate "2019.07.24"]
[EventType "swiss"]
[EventCountry "ROU"]
[SourceTitle "playchess.com"]
[Source "ChessBase"]
[SourceQuality "1"]
[TimeControl "40/5400+30:900+30"]

1. e4 {[%emt 0:00:00]} d5 {[%emt 0:10:34]} 2. exd5 {[%emt 0:00:00]} Nf6 {[%emt 0:00:04]} 3. Nf3 {[%emt 0:00:09]} Bg4 {[%emt 0:00:20]} 4. Bb5+ {[%emt 0:00:26]} Nbd7 {[%emt 0:01:05]} 5. h3 {[%emt 0:01:25]} Bh5 {[%emt 0:01:31]} 6. c4 {[%emt 0:02:35]} a6 {[%emt 0:00:22]} 7. Ba4 {[%emt 0:11:57]} b5 {[%emt 0:00:45]} 8. cxb5 {[%emt 0:12:13]} Nxd5 {[%emt 0:00:30]} 9. d4 {[%emt 0:01:55]} e6 {[%emt 0:02:03]} 10. Nc3 {[%emt 0:02:40]} Bb4 {[%emt 0:02:25]} 11. Bd2 {[%emt 0:02:27]} O-O {[%emt 0:01:07]} 12. O-O {[%emt 0:02:31]} N7b6 {[%emt 0:06:00]} 13. Nxd5 {[%emt 0:09:01]} Nxd5 {[%emt 0:02:01]} 14. Bxb4 {[%emt 0:05:06]} Nxb4 {[%emt 0:00:10]} 15. Qb3 {[%emt 0:01:38]} Nd5 {[%emt 0:01:40]} 16. Qd3 {[%emt 0:09:02]} Nf4 {[%emt 0:04:11]} 17. Qe4 {[%emt 0:00:47]} Qf6 {[%emt 0:06:19]} 18. Ne5 {[%emt 0:03:37]} Rad8 {[%emt 0:01:13]} 19. Kh2 {[%emt 0:06:44]} axb5 {[%emt 0:27:25]} 20. Bxb5 {[%emt 0:03:06]} Qh6 {[%emt 0:05:52]} 21. a4 f6 22. Nc6 {[%emt 0:01:40]} Rd6 {[%emt 0:10:22]} 23. Rfc1 {[%emt 0:02:04]} Kh8 {[%emt 0:01:17]} 24. a5 {[%emt 0:02:16]} e5 {[%emt 0:00:13]} 25. a6 {[%emt 0:04:19]} f5 {[%emt 0:00:15]} 26. Qxe5 {[%emt 0:01:18]} Rg6 {[%emt 0:04:56]} 27. Bf1 {[%emt 0:07:43]} Be2 {[%emt 0:02:50]} 28. Qe7 {[%emt 0:00:59]} Kg8 {[%emt 0:02:45]} 29. Qe3 {[%emt 0:03:35]} Bxf1 {[%emt 0:01:05]} 30. Ne7+ {[%emt 0:00:22]} Kh8 {[%emt 0:02:44]} 31. Nxg6+ {[%emt 0:00:08]} Qxg6 {[%emt 0:00:04]} 32. Qg3 {[%emt 0:01:06]} Bxg2 {[%emt 0:01:28]} 33. Qxf4 {[%emt 0:00:18]} Bxh3 {[%emt 0:01:01]} 34. Kxh3 {[%emt 0:00:49]} Rf6 {[%emt 0:00:44]} 35. Rc3 {[%emt 0:01:00]} 1-0

[Event "12th Arad Open 2019"]
[Site "Arad"]
[Date "2019.07.31"]
[Round "9.14"]
[White "Martinovici, Ilie"]
[Black "Lyell, Mark"]
[Result "1-0"]
[WhiteElo "2407"]
[BlackElo "2216"]
[Annotator "NA"]
[PlyCount "91"]
[EventDate "2019.07.24"]
[EventType "swiss"]
[EventCountry "ROU"]
[SourceTitle "playchess.com"]
[Source "ChessBase"]
[SourceQuality "1"]
[TimeControl "40/5400+30:900+30"]

1. d4 {[%emt 0:00:00]} d5 {[%emt 0:00:02]} 2. c4 {[%emt 0:00:00]} dxc4 {[%emt 0:00:21]} 3. Nf3 {[%emt 0:00:00]} Nf6 {[%emt 0:00:07]} 4. Qa4+ {[%emt 0:00:57]} Nc6 {[%emt 0:03:20]} 5. Nc3 {[%emt 0:03:08]} Nd5 {[%emt 0:02:22]} 6. Qxc4 {[%emt 0:03:02]} Ndb4 {[%emt 0:09:18]} 7. Qb3 {[%emt 0:00:12]} e5 {[%emt 0:02:03]} 8. d5 {[%emt 0:10:57]} Nd4 {[%emt 0:03:54]} 9. Nxd4 {[%emt 0:00:46]} exd4 {[%emt 0:00:04]} 10. Nb5 {[%emt 0:00:11]} c6 {[%emt 0:09:14]} 11. Nxd4 {[%emt 0:01:17]} Qxd5 {[%emt 0:01:36]} 12. Qxd5 {[%emt 0:00:21]} Nxd5 {[%emt 0:00:21]} 13. e4 {[%emt 0:02:38]} Bb4+ {[%emt 0:01:47]} 14. Bd2 {[%emt 0:00:12]} Bxd2+ {[%emt 0:00:27]} 15. Kxd2 {[%emt 0:00:06]} Nf4 {[%emt 0:00:57]} 16. Ke3 {[%emt 0:02:18]} Ne6 {[%emt 0:00:32]} 17. Nf5 {[%emt 0:02:30]} g6 {[%emt 0:02:17]} 18. Nd6+ {[%emt 0:01:06]} Ke7 {[%emt 0:00:03]} 19. Rd1 {[%emt 0:02:06]} Rd8 {[%emt 0:01:47]} 20. e5 {[%emt 0:01:01]} Ng7 {[%emt 0:02:32]} 21. Bd3 {[%emt 0:02:00]} Ne8 {[%emt 0:04:25]} 22. Nxc8+ {[%emt 0:01:35]} Raxc8 {[%emt 0:00:17]} 23. Bc4 {[%emt 0:01:13]} Nc7 {[%emt 0:01:30]} 24. f4 {[%emt 0:01:20]} b5 {[%emt 0:02:09]} 25. Bb3 {[%emt 0:08:27]} c5 {[%emt 0:00:57]} 26. Rxd8 {[%emt 0:00:15]} Rxd8 {[%emt 0:00:06]} 27. Rd1 {[%emt 0:00:05]} Rxd1 {[%emt 0:04:04]} 28. Bxd1 {[%emt 0:00:02]} Ke6 {[%emt 0:17:19]} 29. Ke4 {[%emt 0:01:25]} f5+ {[%emt 0:00:08]} 30. exf6 {[%emt 0:00:24]} Kxf6 {[%emt 0:00:09]} 31. Be2 {[%emt 0:00:46]} a5 {[%emt 0:08:23]} 32. g4 {[%emt 0:00:28]} Ke6 {[%emt 0:07:09]} 33. g5 {[%emt 0:02:15]} Kd6 {[%emt 0:04:20]} 34. f5 {[%emt 0:02:39]} a4 {[%emt 0:03:40]} 35. a3 {[%emt 0:05:08]} b4 {[%emt 0:04:49]} 36. f6 {[%emt 0:03:30]} Ne6 {[%emt 0:01:12]} 37. h4 {[%emt 0:01:24]} bxa3 {[%emt 0:01:48]} 38. bxa3 {[%emt 0:00:05]} Nd4 {[%emt 0:00:11]} 39. Bd1 {[%emt 0:02:46]} Nb5 {[%emt 0:00:12]} 40. Kd3 {[%emt 0:00:00]} Nxa3 {[%emt 0:00:00]} 41. Bxa4 {[%emt 0:00:22]} Ke6 {[%emt 0:10:51]} 42. Bb3+ {[%emt 0:01:57]} Kd6 {[%emt 0:00:17]} 43. Bc4 {[%emt 0:01:21]} Kd7 {[%emt 0:00:51]} 44. Ba6 {[%emt 0:00:16]} Ke6 {[%emt 0:06:53]} 45. Kc3 {[%emt 0:00:08]} h6 {[%emt 0:01:13]} 46. Kb2 {[%emt 0:00:09]} 1-0